000 00296nam a22001337a 4500
008 171018b xxu||||| |||| 00| 0 eng d
020 _a9780471393597
041 _aeng
080 _24 ED
_a338
100 _a53
101 _aMEN
245 _aPROJECT MANAGEMENT
_cMANTEL.S.J
942 _2udc
_cBK
999 _c34647
_d34647